000 00505nam a2200193Ia 4500
005 20260429111916.0
008 260429s9999||||xx |||||||||||||| ||und||
020 _a9788119671151
041 _aEnglish
082 _a320.540954
_bTAG
100 _aTagore, Rabindranath
245 0 _aNationalism /
_cRabindranath Tagore
260 _aChennai :
_bNational Academic Press,
_c2024.
300 _a106 p.; pbk
650 _a India
650 _a Nationalism
650 _aPolitical science
942 _cTB
999 _c51382
_d51382